Name the Will Smith movie - Statistics

General Stats
  • This quiz has been taken 47 times
  • The average score is 6 of 9
Answer Stats
Hint Answer % Correct
Will Smith is a government agent that deals with aliens Men in Black
93%
Will Smith plays a world famous boxer Ali
88%
A group of villains must now work for the government Suicide Squad
71%
Zombies take over Manhatten I am Legend
68%
A cartoon where a fish is being hunted by sharks Shark Tale
68%
Jaden and Will Smith have returned to Earth, a millenium after humans were forced to leave After Earth
63%
Aliens try to take over the world Independence Day
63%
Will Smith is a cop in a world where elves, humans and orcs coexsist Bright
44%
Two men try to save the president from an inventor Wild Wild West
27%
No matching quizzes found
Score Distribution
Percent of People with Each Score
Percentile by Number Answered
Your Score History
You have not taken this quiz